Japonsko-významný obchodný partner Európskej únie v ázijskom regióne
Analýza zahraničnoobchodných vzťahov medzi EÚ a Japonskom s osobitým zameraním na Slovenskú republiku a stanovenie ďalších oblastí vzájomnej obchodnej a investičnej spolupráce, ktoré prispievajú z zlepšeniu vzájomných hospodárskych vzťahov. Zmluvná základňa medzi EÚ a Japonskom. Zahraničnoobchodná...
Guardado en:
| Autor principal: | |
|---|---|
| Formato: | Capítulo de libro |
| Lenguaje: | eslovaco |
| Materias: | |
| Etiquetas: |
Sin Etiquetas, Sea el primero en etiquetar este registro!
|
MARC
| LEADER | 00000naa a2200000 4500 | ||
|---|---|---|---|
| 001 | 0119549 | ||
| 005 | 20240711105247.5 | ||
| 041 | 0 | |a slo | |
| 044 | |a SK | ||
| 245 | 1 | 0 | |a Japonsko-významný obchodný partner Európskej únie v ázijskom regióne |c Elena Kašťáková |
| 520 | |a Analýza zahraničnoobchodných vzťahov medzi EÚ a Japonskom s osobitým zameraním na Slovenskú republiku a stanovenie ďalších oblastí vzájomnej obchodnej a investičnej spolupráce, ktoré prispievajú z zlepšeniu vzájomných hospodárskych vzťahov. Zmluvná základňa medzi EÚ a Japonskom. Zahraničnoobchodná politika Japonska. Zahraničné investície medzi Japonskom a EÚ. Zahraničný obchod medzi Slovenskom a Japonskom. | ||
| 610 | 2 | 0 | |a vzťahy hospodárske medzinárodné |
| 610 | 2 | 0 | |a Japonsko |
| 610 | 2 | 0 | |a Európska únia |
| 610 | 2 | 0 | |a Slovensko |
| 610 | 2 | 0 | |a obchod zahraničný |
| 610 | 2 | 0 | |a investície zahraničné |
| 100 | 1 | |a Kašťáková, Elena, 1974- | |